Giáo trình Quản lý giáo dục và đào tạo Dùng cho cán bộ quản lý giáo dục và đào tạo
v.v..
Đã lưu trong:
| Tác giả chính: | |
|---|---|
| Định dạng: | Sách |
| Năm xuất bản: |
H.
Hà Nội
2003
|
| Series: | Đầu trang tên sách ghi: Bộ Giáo dục và Đào tạo, trường cán bộ quản lý giáo dục và Đào tạo.
|
| Chủ đề: | |
| Tags: |
Thêm thẻ
Không có thẻ, Hãy là người đầu tiên gắn thẻ bản ghi này!
|
| LEADER | 01288nam a2200229 4500 | ||
|---|---|---|---|
| 082 | |a 371.2 |b QU105l. | ||
| 100 | |a Dùng cho cán bộ quản lý giáo dục và đào tạo | ||
| 245 | |a Giáo trình Quản lý giáo dục và đào tạo |c Trường cán bộ quản lý giáo dục và đào tạo |b Dùng cho cán bộ quản lý giáo dục và đào tạo | ||
| 260 | |a H. |b Hà Nội |c 2003 | ||
| 300 | |a 186tr. |c 24cm | ||
| 490 | |a Đầu trang tên sách ghi: Bộ Giáo dục và Đào tạo, trường cán bộ quản lý giáo dục và Đào tạo. | ||
| 500 | |a . | ||
| 520 | |a v.v.. | ||
| 653 | |a Giáo dục | ||
| 653 | |a Đào tạo | ||
| 653 | |a Quản lý | ||
| 653 | |a Việt Nam | ||
| 942 | |2 ddc |c STK0 | ||
| 999 | |c 10310 |d 10310 | ||
| 952 | |0 0 |1 0 |2 ddc |4 0 |6 372_200000000000000_Q105L |7 0 |8 300 |9 79869 |a qbu |b qbu |c D2 |d 2015-07-22 |g 37000 |o 372.2 Q105l |p 9856.C1 |r 0000-00-00 |w 2015-07-22 |y STK0 |0 0 |6 372_200000000000000_Q105L | ||
| 952 | |0 0 |1 0 |2 ddc |4 0 |6 372_200000000000000_Q105L |7 0 |8 300 |9 79870 |a qbu |b qbu |c D2 |d 2015-07-22 |g 37000 |o 372.2 Q105l |p 9856.C2 |r 0000-00-00 |w 2015-07-22 |y STK0 |0 0 |6 372_200000000000000_Q105L | ||
| 952 | |0 0 |1 0 |2 ddc |4 0 |6 372_200000000000000_Q105L |7 0 |8 300 |9 79871 |a qbu |b qbu |c D2 |d 2015-07-22 |g 37000 |o 372.2 Q105l |p 9856.C3 |r 0000-00-00 |w 2015-07-22 |y STK0 |0 0 |6 372_200000000000000_Q105L | ||